ბათუმის შოთა რუსთაველის სახელმწიფო უნივერსიტეტის ბიბლიოთეკა

ეფექტური საკუთრებითი ურთიერთობების ინფრასტრუქტურის ფორმირების შესაძლებლობები და ბიზნეს გლობალიზაციის თანამედროვე ტენდენციები / (ბიბ.ჩანაწერი № 55442)

000 -ლიდერი
ფიქსირებული სიგრძის საკონტროლო ველი 01753nam a2200241Ia 4500
001 - საკონტროლო ნომერი
საკონტროლო ველი 22524
003 - საკონტროლო ნომრის იდენტიფიკატორი
საკონტროლო ველი GE_BSU
005 - ბოლო ოპერაციის თარიღი და დრო
საკონტროლო ველი 20210329152430.0
008 - ფიქსირებული სიგრძის მონაცემთა ელემენტები - ზოგადი ინფორმაცია
ფიქსირებული სიგრძის საკონტროლო ველი 181216s2017||||ge |||||||||||||| ||geo||
040 ## - კატალოგიზაციის წყარო
Transcribing agency GE_BSU
041 ## - ენის კოდი
Language code of text/sound track or separate title geo
080 ## - უნივერსალური ათობითი კლასიფიკაციის ინდექსი
Universal Decimal Classification number 33 ვ-21
100 ## - მთავარი ჩანაწერი - პიროვნების სახელი
Personal name ვარშანიძე, თამთა
9 (RLIN) 10792
245 ## - ცნობა სათაურის შესახებ
Title ეფექტური საკუთრებითი ურთიერთობების ინფრასტრუქტურის ფორმირების შესაძლებლობები და ბიზნეს გლობალიზაციის თანამედროვე ტენდენციები /
Statement of responsibility, etc თამთა ვარშანიძე; მეცნ. ხელმძღვ. რ. მანველიძე; ბათუმის შოთა რუსთაველის სახ-ფო უნ-ტი. ეკონომიკისა და ბიზნესის ფაკულტეტი.
264 ## - წარმოების, გამოცემის, დისტრიბუციის და სხვა ცნობები
გამოცემის, წარმოების, დისტრიბუციის... ადგილი ბათუმი,
გამოცემის, წარმოების, დისტრიბუციის... თარიღი 2017.
300 ## - ფიზიკური აღწერა
Extent 196 გვ.
Other physical details 30 სმ.
504 ## - BIBLIOGRAPHY, ETC. NOTE
Bibliography, etc ბიბლიოგრ. გვ. 183-189
653 ## - INDEX TERM--UNCONTROLLED
Uncontrolled term ეკონომიკა, ბიზნესი
653 ## - INDEX TERM--UNCONTROLLED
Uncontrolled term ეფექტური საკუთრებითი ურთიერთობების ინფრასტრუქტურის ფორმირების შესაძლებლობები და ბიზნეს გლობალიზაციის თანამედროვე ტენდენციები
653 ## - INDEX TERM--UNCONTROLLED
Uncontrolled term დისერტაცია
700 ## - ADDED ENTRY--PERSONAL NAME
Personal name მანველიძე, რ.
Relator term მეცნ. ხელმძღვანელი
9 (RLIN) 10484
942 ## - ADDED ENTRY ELEMENTS (KOHA)
Koha item type წიგნი
Source of classification or shelving scheme
ეგზემპლარები
ჩამოწერის სტატუსი დაკარგული ეგზემპლარის სტატუსი კლასიფიკაციის წყარო ან თაროზე გაწყობის სქემა დაზიანების სტატუსი არ გაიცემა მუდმივი მდებარეობა (დაცვის ადგილი) ამჟამინდელი ადგილსამყოფელი თაროზე განთავსების ადგილი შეძენის თარიღი სრული შენახვის შიფრი შტრიხკოდი ბოლო ოპერაციის თარიღი ეგზემპლარის მიმდევრობითი ნომერი (კეტერი?) ფასის ძალაში შესვლის თარიღი ეგზემპლარის სახეობა საჯარო შენიშვნა
          ბათუმის შოთა რუსთაველის სახელმწიფო უნივერსიტეტის მთავარი ბიბლიოთეკა ბათუმის შოთა რუსთაველის სახელმწიფო უნივერსიტეტის მთავარი ბიბლიოთეკა წიგნსაცავი 2018-12-17 33 ვ-21 291 დისერტ 2018-12-17 291 2018-12-17 დისერტაცია